000 01025nam a22002537a 4500
999 _c17896
_d17896
003 AR-CdUCM
008 190510b ||||| |||| 00| 0 spa d
040 _aMUNICIPALIDAD PROVINCIAL DEL CUSCO
_cBIBLIOTECA MUNICIPAL DEL CUSCO
082 _a780 /
_bL21
100 _aLambert, Constant
_938120
245 _aMúsica a la vista :
_bestudio de la música en su declinación /
260 _aBuenos Aires :
_bUniversitaria de Buenos Aires,
_c1963.
300 _a335 paginas ;
_c19 cm.
440 _aLectores de Eudeba
_938121
500 _aTitulo original : Music HO!
505 _aContenido Los innovadores de preguerra -- Pasticheurs de posguerra -- El nacionalismo y lo exótico -- El estimulo mecánico -- Escape o sumisión.
650 _aMúsica
_91443
650 _aPopularidad de la musica
_938122
650 _aLa música década del 90
_938123
650 _aConflicto entre nacionalismo y forma
_938124
700 _aBerdichevsky, Dora (Traducción)
_938125
942 _2ddc
_cLIBROS
945 _awnts
_d2019-05-10